000 01067nam a2200289 i 4500
001 9395
003 ES-MaACL
005 20250904063038.0
007 t|
008 930825s1989 sp ||||1| spa d
020 _a84-86568-27-7
080 _a92 Láscaris-Comneno, Eugenio
080 _a929.2 Láscaris-Comneno
100 0 _aCastro y Tosi, Norberto de,
_cMarqués de Barzala
_936982
245 1 0 _aEugenio II, un príncipe de Byzancio /
_cNorberto de Castro y Tosi ; [traducción y dirección del libro, Juan Arcadio de Láscaris-Comneno].
250 _a[1ª ed.].
260 _aMadrid :
_bPrensa y Ediciones Iberoamericanas,
_c1989.
300 _a203 p. :
_bil. ;
_c21 cm.
490 1 _aBiblioteca universitaria ;
_v4
500 _aBibliografía: p. 191-203.
600 1 4 _aLáscaris-Comneno, Eugenio-
_vBiografías.
_970426
600 1 4 _aLáscaris-Comneno (Familia)
_970427
700 1 _aLascaris, Juan Arcadio.
_970424
830 0 _aBiblioteca universitaria ;
_v4
_9177461
852 _aES-MaACL
_jL-16858
_bR.117911
999 _c9395
_d9395